003510000a2200097000450024501210000004400130012104100140013470000290014810000230017777300530020010aComentarios sobre el primer registro de Micoureus Alstoni (Allen, 1900) (Didelphimorphia, Didelphidae) para Colombia aColombia0 aEspañol1 aGómez Laverde, Marcela1 aDíaz N., Juan F.1 tActualidades biológicash87q235-240d2007g29